000 00524naa a22001577a 4500
001 232746
003 ES-MaBCM
005 20260325120526.0
008 260325s2024 uk ||||| |||| 00| 0 eng d
040 _cES-MaBCM
245 0 0 _aHow to spend it :
_bthe EU's covid-19 recovery fund has worked, but not as intended
650 0 _aEnfermedad por coronavirus
_9129538
650 0 _aNext Generation EU
_9127703
773 0 _dLondon
_gVol. 450, n. 9384 (Feb. 2024), p. 19-20 - Loc. S.276
_tThe economist
_w104401
942 _2udc
_cAREV
999 _c232746
_d232746